000 01482cam a2200349 i 4500
999 _c41562
_d41562
001 18300220
003 OSt
005 20221003131314.0
008 140912t20142014ne a b 001 0 eng
010 _a 2014427167
020 _a9780124058705 (hardbound)
040 _aDLC
_beng
_erda
_cDLC
042 _apcc
050 0 0 _aQP144.F85
_bN83 2014
082 0 0 _a613.2
_223
_bBAG/N
245 0 0 _aNutraceutical and functional food regulations in the United States and around the world /
_cedited by Debasis Bagchi, PhD, MACN, CNS, MAIChE, Department of Pharmacological and Pharmaceutical Sciences, University of Houston College of Pharmacy, Houston, TX, USA.
250 _aSecond edition.
264 1 _aAmsterdam ;
_aBoston :
_bElsevier, AP,
_c[2014]
264 4 _c©2014
300 _axxxv, 554 pages :
_billustrations ;
_c25 cm.
336 _atext
_btxt
_2rdacontent
337 _aunmediated
_bn
_2rdamedia
338 _avolume
_bnc
_2rdacarrier
490 0 _aFood science and technology international series
504 _aIncludes bibliographical references and index.
650 0 _aFunctional foods
_xStandards.
650 0 _aDietary supplements
_xStandards.
700 1 _aBagchi, Debasis,
_d1954-
_eeditor.
_99140
906 _a7
_bcbc
_corignew
_d2
_encip
_f20
_gy-gencatlg
942 _2ddc
_cBK
_h613.2
_iBAG/N
_k613.2
_mBAG/N